00814nab a2200241 uc450000100070000000500170000700800410002403500110006503500210007604000130009704100080011010000360011824500700015465000400022465000310026465000320029565000450032765000360037270000380040877300970044694200100054399900190055377886520240817112705.0021008s2001 spa  a778865 a(OCoLC)819992190 ccomduadb aspa10aDunn, Enrique4auteaut952332710aComputo evolutivo aplicado a la planificacion de tareas de vision 7aAlgoritmos genéticos2lemb951515 aVisión artificial965041 7aFotogrametría2lemb92067 7aOptimización combinatoria2lemb935976 7aPercepción visual2dcs93150210aOlague, Gustavo4auteaut93615730 tDYNA (Medellín)gVolumen 068, Número 133, Julio 2001, p. 51-60w188384x0012-7353082258 cARIMP c263476d263476